Arcs de Jujutsu Kaisen - Statistiques

Statistiques générales
  • Ce quiz a été pris 104 fois
  • Le résultat moyen est 3 sur 10
Statistiques - réponses
Arcs de Jujutsu Kaisen % Correct
Arc du Drame de Shibuya
98%
Arc Préparatifs de la Traque
84%
Arc Traque Meurtrière
41%
Arc Bataille de Shinjuku
35%
Arc Tournoi
26%
Arc Trésor Caché
23%
Arc Petit Poisson et Retour de Bâton
19%
Arc Exécution de Yuji
9%
Arc Instinct Grégaire
9%
Arc Naissance de la Matrice
6%
Aucun quiz correspondant
Distribution des résultats
% des personnes avec chaque résultat
Percentile par nombre de réponses
Votre historique - résultats
Vous n’avez pas pris ce quiz